Our heritage (Record no. 38440)
[ view plain ]
| 000 -LEADER | |
|---|---|
| fixed length control field | 00250nam a2200109Ia 4500 |
| 082 ## - DEWEY DECIMAL CLASSIFICATION NUMBER | |
| Classification number | 001 |
| Item number | RAD |
| 100 ## - MAIN ENTRY--AUTHOR NAME | |
| Personal name | Radhakrishnan, S |
| 245 #0 - TITLE STATEMENT | |
| Title | Our heritage |
| 260 ## - PUBLICATION, DISTRIBUTION, ETC. (IMPRINT) | |
| Place of publication | Delhi |
| Name of publisher | Orient |
| Year of publication | 1973 |
| 942 ## - ADDED ENTRY ELEMENTS (KOHA) | |
| Koha item type | Books |
| Withdrawn status | Lost status | Damaged status | Not for loan | Home library | Current library | Date acquired | Cost, normal purchase price | Full call number | Accession Number | Koha item type |
|---|---|---|---|---|---|---|---|---|---|---|
| Write off | RRII Library | RRII Library | 16/12/2021 | 15.00 | 001 RAD | 18797 | Books |